| 000 | 00564nam a2200157 4500 | ||
|---|---|---|---|
| 001 | 2061 | ||
| 005 | 20250522153729.0 | ||
| 008 | 250522b |||||||| |||| 00| 0 eng d | ||
| 020 | _a9780823233175 | ||
| 245 | 0 | 0 |
_aOridinary ethics:anthropology,language and actions / _cLambel,Michael: |
| 260 | 0 | 0 |
_aNew York: _bFordham University Press, _c2010. |
| 300 | 0 | 0 | _a458 p. |
| 650 | 0 | 0 | _aEngineering ethics. |
| 856 |
_uhttp://www.mowhs.gov.bt/wp-content/uploads/2010/11/CodeofConduct_EthicsforEngineers.pdf _yCode of conduct and ethics for engineers |
||
| 942 |
_2ddc _cMAIN |
||
| 999 |
_c10237 _d10238 |
||